Текст томруулах:    
The making of economic society (Бичлэгийн дугаар. 146023)
000 -УДИРДЛАГА
Удирдлага 00865nam a22002897a 4500
003 - ХЯНАЛТЫН ТОО ТОДОРХОЙЛОГЧ
Код MN-UlNUM
005 - БИЧИЛТ ХИЙСЭН ОГНОО
Тухайн бичилтийг бичсэн засварласан сүүлийн огноо 20251226123326.0
008 - ЕРӨНХИЙ МЭДЭЭЛЭЛ
Ерөнхий мэдээлэл 251226s1989 njuab||| |||| 001 0 eng |
020 ## - ISBN
ISBN 0135460603
040 ## - БИЧЛЭГ ҮҮСГЭГЧ БАЙГУУЛЛАГА
Бичлэг үүсгэгч номын сангийн код МУИС-ийн номын сан
084 ## - ББК АНГИЛАЛ
Нэмэлт тусгалт Бусад
ББК ангилал 65.261
Зохиогчийн гурван тэмдэгт H 49
Мэдлэгийн ялгаа 65 - Эдийн засаг
100 1# - ЗОХИОГЧ
Зохиогчийн нэр Heilbroner, Robert L.
245 14 - ҮНДСЭН ГАРЧИГ
Номын нэр The making of economic society
Оролцогчдын тухай мэдээ Robert L. Heilbroner.
250 ## - ДАХИН ХЭВЛЭЛТ
Дахин гаралтын дугаар 8th ed., Rev. for the 1990s.
260 ## - ГАРАЛТЫН МЭДЭЭ
Хэвлэгдсэн газар Englewood Cliffs, NJ :
Хэвлэлийн газар Prentice Hall,
Хэвлэгдсэн он 1989.
300 ## - МАТЕРИАЛЫН ТОДОРХОЙЛОЛТ
хуудасны тоо xv, 256 p. :
Бусад тоон мэдээлэл ill. ;
Хэмжээ 24 cm.
500 ## - Тайлбар
Дансны дугаар БС 4753
546 ## - ХЭЛНИЙ ТУХАЙ МЭДЭЭ
Хэл Англи хэл дээр,
653 ## - Түлхүүр үг
Түлхүүр үг economic history
740 ## - НОМЫН ГАРЧИГ
Гарчиг The economic problem
740 ## - НОМЫН ГАРЧИГ
Гарчиг The premarket economy
740 ## - НОМЫН ГАРЧИГ
Гарчиг The emergence of market society
740 ## - НОМЫН ГАРЧИГ
Гарчиг The industrial revolution
942 ## - ЭЛЕМЕНТИЙН ТӨРӨЛ
Зүйлийн төрөл Ном